Пинк Флойд. История и песни

التفاصيل البيبلوغرافية
المؤلف الرئيسي: Белостоцкий А. Алексей
مؤلفون آخرون: Бассоло В. (редактор)
اللغة:الروسية
منشور في: Москва, Алфавит, 1992
الموضوعات:
التنسيق: MixedMaterials كتاب
KOHA link:https://koha.lib.tpu.ru/cgi-bin/koha/opac-detail.pl?biblionumber=247766

MARC

LEADER 00000nam0a2200000 4500
001 247766
005 20231101232328.0
010 |a 5704400159 
035 |a (RuTPU)RU\TPU\book\269363 
090 |a 247766 
100 |a 20140114d1992 m y0rusy50 ca 
101 0 |a rus 
102 |a RU 
105 |a a z 000zy 
200 1 |a Пинк Флойд. История и песни  |f А. Белостоцкий  |g под ред. В. Бассоло 
210 |a Москва  |c Алфавит  |d 1992 
215 |a 110 с.  |c ил. 
606 1 |a Вокальная музыка  |2 stltpush  |3 (RuTPU)RU\TPU\subj\3505  |9 31908 
610 1 |a рок-музыка 
610 1 |a рок-поэзия 
610 1 |a 20 век 
610 1 |a Англия 
610 1 |a песни 
610 1 |a Пинк Флойд 
675 |a 784  |v 3 
700 1 |a Белостоцкий  |b А.  |g Алексей 
702 1 |a Бассоло  |b В.  |4 340 
801 1 |a RU  |b 63413507  |c 20140114 
801 2 |a RU  |b 63413507  |c 20221019  |g RCR 
942 |c BK